000 00643nam a2200181Ia 4500
003 GCL
008 140319s9999 xx 000 0 ara d
040 _aGCL /
_cGCL
082 0 4 _a001.64
_bم م
100 1 _aمحمد عثمان البطمة
245 1 0 _aالمراقبة الداخلية فى نظم الحاسبات الالية دراسة نظرية تطبيقية /
_cمحمد عثمان البطمة
260 _a[S.N] :
_bدار المريخ للنشر
300 _a351 ص
490 _a
650 0 4 _aالحاسبات الالكترونية
650 0 4 _aالحاسبات الالكترونية - برامج
942 _2ddc
_cBK
999 _c53666
_d53666